Normal view MARC view

Entry Topical Term

Number of records used in: 1

001 - CONTROL NUMBER

  • control field: 69862

003 - CONTROL NUMBER IDENTIFIER

  • control field: OSt

005 - DATE AND TIME OF LATEST TRANSACTION

  • control field: 20230125142505.0

008 - FIXED-LENGTH DATA ELEMENTS

  • fixed length control field: 230125|| aca||aabn | a|a d

040 ## - CATALOGING SOURCE

  • Original cataloging agency: OSt
  • Transcribing agency: OSt

150 ## - HEADING--TOPICAL TERM

  • Topical term or geographic name entry element: Part II of the report of the press commission

670 ## - SOURCE DATA FOUND

  • Source citation: Work cat.: (OSt)105682: NATARAJAN (J). 69860, History of Indian journalism , 2000